Об отмене силы и действия законов Царя Вахтанга. Тут же по собранию сведений о местных обычаях, заменяющих у мусульман письменны...

RUSMARC
00005057cbc2a2200000#x 450
0018e70d298-fc72-4e4d-a581-9891227370d9
00520220801150947.0
100##$a20131003l18411854k y0rusy0189 ca
1010#$arus
102##$aRU
251##$cДело
2250#$aФонд Кавказский комитет
$hОпись № 1
324##$aПленка
801#0$aRU
$bРГИА
$c20131003
801#1$aRU
$bГлавНИВЦ
$c20131003
$2rusmarc
801#2$aRU
$bПБ им. Б.Н. Ельцина
$c20131004
$gRCR
$2rusmarc
850##$aФедеральное казенное учреждение "Российский государственный исторический архив"
852##$aРГИА
$j130
937##$aASBIBLIO_SCAN
$bРГИА_1268:_1:_130:
$d5520259
$hРГИА
2001#$aОб отмене силы и действия законов Царя Вахтанга. Тут же по собранию сведений о местных обычаях, заменяющих у мусульман письменные правила и уставы
$j5 января 1841 г. - К. 10 августа 1854 г.
215##$a388 листов
035##$a8e70d298-fc72-4e4d-a581-9891227370d9
1222#$ad18410105##
$ad18540810##
300##$aРукописный текст. Чернила
461#0$10011145c710-29ff-45d8-a749-d9517cf99d7d
$12001
$aКавказский комитет
$1251
$cФонд
$1852
$j1268
462#0$1001508bc521-aca1-44c5-a56a-5f8d317a0ce9
$12001
$a1833-1845 гг.
$vД. 130
$1251
$cОпись
$1852
$j1
6061#$2prlib_sh
$3LIBNET\UAF\0000102459
$aОбычное право
$jАрхивные дела
$xИстория
$yГрузия
6061#$2nlr_sh
$3RU\NLR\AUTH\661369799
$aОбычное право
$jАрхивные дела
$xИстория
$yКавказ Северный
605##$2acquisition_Prlib
$3LIBNET\UAF\0000101466
$aГод культурного наследия народов России
$lколлекция
605##$2acquisition_Prlib
$3DITM\AF\0000002775
$aВласть
$lколлекция
617##$2prlib_sh
$aГрузия
686##$2rubbk
$a67.3(5Гру)ю1
$vLBC/M
686##$2rubbk
$a67.3(235.7)ю1
$vLBC/M
Формат отображения